000 00882nam a2200253 i 4500
005 20241001122203.0
008 241001s2017 enkk 000 0 eng d
020 _a9780414058255
_qpaperback
041 _aeng
245 0 0 _aJCT: Works contractor collateral warranty for a purchaser or tenant 2016.
_bWCWa/P&T 2016
264 1 _aLondon :
_bThomson Reuters (Professional) UK Limited, trading as Sweet & Maxwell,
_c2017.
300 _aii, 15 pages :
_bforms ;
_c30 cm
336 _atext
_2rdacontent
337 _aunmediated
_2rdamedia
338 _avolume
_2rdacarrier
490 _aJCT Contracts 2016
610 2 0 _aJoint Contracts Tribunal.
650 0 _aConstruction contracts
_zGreat Britain.
651 _aUnited Kingdom
690 _aConstruction management
_96230
710 2 _aJoint Contracts Tribunal,
_eauthor.
942 _n0
999 _c122013
_d122013